|
|
|
|
| LEADER |
01524nam a2200325 a 4500 |
| 001 |
26920 |
| 008 |
130425s2005 ii b 101 0 eng d |
| 010 |
|
|
|a 2004015319
|
| 020 |
|
|
|a 0761998322 (hard back)
|
| 020 |
|
|
|a 8178293099 (India-Hb)
|
| 040 |
|
|
|a DLC
|c DLC
|d DLC
|d BD-DhAAL
|
| 082 |
0 |
0 |
|a 323.60954
|2 22
|
| 245 |
0 |
0 |
|a Civil society, public sphere, and citizenship :
|b dialogues and perceptions /
|c edited by Rajeev Bhargava, Helmut Reifeld.
|
| 260 |
|
|
|a New Delhi ;
|a Thousand Oaks :
|b SAGE Publicatio ns,
|c 2005.
|
| 300 |
|
|
|a 420 p. ;
|c 23 cm.
|
| 500 |
|
|
|a "Konrad-Adenauer-Stiftung."
|
| 500 |
|
|
|a "The essays in this volume emanate from a workshop held at the Gajner Palace in Bikaner between 7 and 10 November 2001"--P. 10.
|
| 500 |
|
|
|a From one in a series of workshops under a programme called "Dialogue on Values," sponsored by the Konrad Adenauer Foundation.
|
| 504 |
|
|
|a Includes bibliographical references and index.
|
| 541 |
1 |
|
|e 26920
|
| 650 |
|
0 |
|a Civil society
|z India
|x History
|v Congresses.
|
| 650 |
|
0 |
|a Citizenship
|z India
|x History
|v Congresses.
|
| 650 |
|
0 |
|a Political culture
|z India
|x History
|v Congresses.
|
| 650 |
|
0 |
|a Democracy
|z India
|x History
|v Congresses.
|
| 700 |
1 |
|
|a Bhargava, Rajeev.
|
| 700 |
1 |
|
|a Reifeld, Helmut.
|
| 710 |
2 |
|
|a Konrad-Adenauer-Stiftung.
|
| 852 |
1 |
|
|a Ayesha Abed Library
|j General Shelf.
|
| 999 |
|
|
|c 13399
|d 13399
|
| 952 |
|
|
|0 0
|1 0
|2 ddc
|4 0
|6 323_609540000000000_CIV
|7 0
|9 22335
|a IGS
|b IGS
|c GEN
|d 2012-04-22
|e Prothoma
|g 1560.00
|l 0
|o 323.60954 CIV
|p 3010026920
|r 2013-05-12
|t 1
|w 2012-04-22
|y BK
|